00399nam a2200157Ia 4500003000400000005001700004008004100021040000700062041000800069082001900077100003000096245005300126260003600179300001200215365001400227OSt20230327142741.0210423s2000 xx 000 0 und d cAL aeng a543 223bFIFF aFIFIELD (F W);KEALEY (D). aPrinciples and practice of analytical chemistry. aLondonbBlackwell Sciencec2000 axiv,562 b3840cINR